00965cam a22002531 4500001001300000003000400013005001700017008004100034010001700075035001900092040001800111042001200129050002100141110004100162245004700203260007100250300003000321490003100351501015400382650003000536650004000566650003900606810006600645e 52000020 DLC20260227111234.0800206s1951 dcua 000 0 eng  ae 52000020  a(OCoLC)5959729 aDLCcArUdDLC apremarc00aL111b.A77 no. 31 aUnited States.bOffice of Education.10aEducation in the United States of America. a[Washington]bFederal Security Agency, Office of Educationc[1951] aiv, 62 p.billus.c25 cm.1 aIts Special series,vno. 3 aWith : College building needs / Ernest V. Hollis and associates. Washington : Govt. Print. Off., 1949. Bound together subsequent to publication.5DLC 0aEducationzUnited States. 0aEducation and statezUnited States. 0aEducationzUnited StatesxFinance.1 aUnited States.bOffice of Education.tSpecial series,vno. 3.